000
00354 a2200169 4500
001
186556
020
_a
85-16-01860-1
040
_c
Magnum
100
_a
Machado, Ana Maria
240
1
0
_a
A cama da mamãe
_l
por
245
1
0
_a
A cama da mamãe
300
_a
28
362
0
_a
1998
440
1
_a
Moderna
697
_a
LITERATURA INFANTIL
942
_c
BK
999
_c
186556
_d
186556